[Event "190th open MGU"]
[Site "Sofia"]
[Date "2017.09.23"]
[Round "1.1"]
[White "Mladenov, Andrey"]
[Black "Krustev, Krasimir S."]
[Result "0-1"]
[WhiteElo "1558"]
[BlackElo "1970"]
[PlyCount "90"]
[EventDate "2017.09.23"]
[EventType "swiss"]
[EventRounds "6"]
[EventCountry "BUL"]

1. e4 e5 2. Nf3 Nc6 3. d4 exd4 4. Bc4 Nf6 5. O-O Nxe4 6. Re1 d5 7. Bxd5 Qxd5 8.
Nc3 Qh5 9. Nxe4 Be6 10. Bg5 Bd6 11. Bf6 O-O 12. Nxd6 cxd6 13. Bxd4 Bg4 14. Bc3
({RR} 14. Re3 Rfe8 15. Rd3 Ne5 16. Bxe5 dxe5 17. Qe1 e4 18. Re3 Qg6 19. Nd2 f5
20. Kh1 Qc6 21. Rc3 Qd7 22. Qe3 Rad8 23. Nf1 b6 24. h3 Bh5 25. Ng3 Qf7 26. Nxh5
Qxh5 27. Rc7 Rd1+ 28. Rxd1 Qxd1+ {
Celik,E (1777)-Koc,A (1604)/Manavgat 2016/CBM 170 Extra/1-0 (66)}) 14... Rfe8
15. Qxd6 Bxf3 16. Qg3 Bg4 $146 ({RR} 16... f6 17. gxf3 Ne5 18. Bxe5 fxe5 19.
Qg4 Qf7 20. Rad1 Rac8 21. Rd7 Rc4 22. Rxf7 Rxg4+ 23. fxg4 Kxf7 24. Rd1 Ke6 25.
Kg2 Rc8 26. Rd2 Rc4 27. f3 g5 28. Kf2 a6 29. Ke3 a5 30. h3 Ra4 31. a3 {
Weiss,W (2189)-Eichner,C (2086)/Dresden 2013/CBM 155 Extra/1-0 (36)}) 17. h3 f5
{Äèàãðàììà #} 18. hxg4 (18. Rad1 $142 $16) 18... fxg4 19. Rad1 Qf5 20. Qc7
Rxe1+ 21. Rxe1 Qf7 22. Qxf7+ Kxf7 23. Rd1 Re8 24. Rd7+ Re7 25. Rxe7+ Nxe7 26.
Kh2 Nf5 27. g3 Ke6 28. Kg2 Kd5 29. Kf1 Ke4 30. Ke2 g6 31. Bf6 Nd6 32. b3 b5 33.
c3 a6 34. Bg5 Nf7 35. Be3 Ne5 36. Bh6 Nd3 37. Bg5 Nc5 38. Bh6 Ne6 39. Kd2 g5
40. a3 Kf5 41. Kd3 Kg6 42. Bf8 Nxf8 43. Kd4 h5 44. c4 bxc4 45. bxc4 h4 0-1

[Event "190th open MGU"]
[Site "Sofia"]
[Date "2017.09.23"]
[Round "1.2"]
[White "Metev, Martin"]
[Black "Dimov, Nikola"]
[Result "1-0"]
[WhiteElo "1965"]
[BlackElo "1551"]
[PlyCount "61"]
[EventDate "2017.09.23"]
[EventType "swiss"]
[EventRounds "6"]
[EventCountry "BUL"]

1. e4 c5 2. Nf3 Nc6 3. d4 cxd4 4. Nxd4 Nf6 5. Nc3 g6 6. Be3 Bg7 7. Qd2 O-O 8.
O-O-O d6 9. f3 Bd7 10. g4 Ne5 11. Bh6 Rc8 12. Bxg7 Kxg7 13. h4 h5 14. gxh5 Nxh5
15. Nf5+ $146 ({RR} 15. Rg1 Nc4 16. Bxc4 Rxc4 17. Rg5 Rh8 18. f4 Nf6 19. Rh1
Qb6 20. Nf5+ Bxf5 21. exf5 Qd4 22. Qxd4 Rxd4 23. fxg6 fxg6 24. f5 Rdxh4 25.
Rxg6+ Kf7 26. Rhg1 Rf4 27. Rg7+ Ke8 28. R7g5 Rh2 29. R5g2 Rxg2 {
Pekarkova,E-Slepankova,R (2070)/Klatovy 1998/CBM 065 Extra/0-1 (51)}) 15...
Bxf5 16. exf5 Qb6 {Äèàãðàììà #} 17. Nd5 (17. f4 Ng4 18. fxg6 $18) 17... Qd8 18.
f4 e6 19. f6+ Kg8 20. Ne7+ Kh7 21. Nxc8 Qxc8 22. fxe5 dxe5 23. Qg5 Rh8 24. Bd3
Nf4 25. Qxe5 Nxd3+ 26. Rxd3 Qc6 27. Re1 Qa4 28. h5 Qg4 29. hxg6+ Qxg6 30. Rh3+
Kg8 31. Qb8# 1-0

[Event "190th open MGU"]
[Site "Sofia"]
[Date "2017.09.23"]
[Round "1.4"]
[White "Ivanov, Oleg M."]
[Black "Andreev, Dobrotich"]
[Result "1/2-1/2"]
[WhiteElo "1548"]
[BlackElo "1881"]
[PlyCount "132"]
[EventDate "2017.09.23"]
[EventType "swiss"]
[EventRounds "6"]
[EventCountry "BUL"]

1. c4 Nf6 2. Nc3 e6 3. e4 d5 4. e5 d4 5. exf6 dxc3 6. fxg7 cxd2+ 7. Bxd2 Bxg7
8. Qc2 Nc6 9. Nf3 Nd4 10. Nxd4 Bxd4 11. Bd3 Qf6 12. O-O Bxb2 $146 ({RR} 12...
Bd7 13. Be4 O-O-O 14. Bc3 e5 15. Bxd4 exd4 16. Qd3 Bc6 17. f3 h5 18. Rae1 h4
19. Bf5+ Kb8 20. b4 Rh5 21. Bg4 Rhh8 22. b5 Bd7 23. Bxd7 Rxd7 24. a4 Qg6 25.
Qxg6 fxg6 26. Re6 Rg8 27. Kf2 {
Nimzowitsch,A-Nielsen,B/Copenhagen 1933/EXT 2000/1-0 (43)}) 13. Rad1 Bd4 14. c5
e5 15. Be3 Be6 16. Bxd4 exd4 17. Qa4+ c6 18. Be4 O-O-O {Äèàãðàììà #} 19. Bxc6 (
19. Qxa7 Rd7 20. Rb1 $18) 19... Bd5 20. Bxd5 Rxd5 21. Qxa7 Qa6 22. Qb6 Rhd8 23.
a4 d3 24. Qxa6 bxa6 25. Rd2 Rxc5 26. Rfd1 Rc2 27. Kf1 Rc3 28. Ke1 Kc7 29. Rb2
Rd4 30. Kd2 Ra3 31. Ke3 Rd5 32. Rbd2 Rxa4 33. Rxd3 Re5+ 34. Kf3 Rf5+ 35. Ke3
Ra2 36. R1d2 Rxd2 37. Rxd2 a5 38. g4 Rc5 39. Kd4 Rc6 40. Ra2 Kb6 41. Rb2+ Ka6
42. Kd5 Rf6 43. h4 Rf4 44. Kc6 Rc4+ 45. Kd5 Rxg4 46. h5 Rg5+ 47. Kc6 {
Äèàãðàììà #} Rxh5 (47... a4 $3 $19) 48. Rb6+ Ka7 49. Rb7+ Ka8 50. Rxf7 a4 51.
Kb6 Rh6+ 52. Kb5 a3 53. Rf3 Kb7 54. Rxa3 Rh5+ 55. Kc4 Rf5 56. Rh3 h5 57. f3 Kc6
58. Kd4 Kd6 59. Ke4 Ra5 60. f4 Ke6 61. Kf3 Kf6 62. Rh4 Ra3+ 63. Ke4 Kg6 64. Ke5
Re3+ 65. Kd4 Re1 66. Kd5 Re8 1/2-1/2

[Event "190th open MGU"]
[Site "Sofia"]
[Date "2017.09.23"]
[Round "1.5"]
[White "Babatov, Martin"]
[Black "Simov, Zahari"]
[Result "1-0"]
[WhiteElo "1737"]
[BlackElo "1467"]
[PlyCount "131"]
[EventDate "2017.09.23"]
[EventType "swiss"]
[EventRounds "6"]
[EventCountry "BUL"]

1. d4 Nf6 2. Nf3 d5 3. Bf4 e6 4. e3 Bd6 5. Bxd6 Qxd6 6. Nbd2 O-O 7. Be2 b6 8.
O-O Bb7 9. c4 Nbd7 10. Rc1 ({RR} 10. cxd5 exd5 11. Rc1 c5 12. b3 Rac8 13. Rc2
a6 14. h3 b5 15. dxc5 Nxc5 16. Nd4 Nce4 17. Nxe4 Nxe4 18. Bg4 Rc5 19. Qd3 g6
20. Rfc1 f5 21. Be2 Rfc8 22. Rxc5 Nxc5 23. Qd2 Rf8 24. Rxc5 Qxc5 {
Jakso,A (1238)-Peredi,O (1646)/Hungary 2016/EXT 2017/1/2 (35)}) 10... Rfc8 $146
({RR} 10... c5 11. b3 Rfd8 12. Rc2 Rac8 13. Qa1 Ne4 14. Rd1 Qe7 15. Nxe4 dxe4
16. Ne5 cxd4 17. Rxd4 Nxe5 18. Rxd8+ Rxd8 19. Qxe5 Qc5 20. Qxc5 bxc5 21. Kf1
Kf8 22. Ke1 Ke7 23. Rd2 Rc8 24. Kd1 Rc6 25. Kc2 {
Masanauskas,A-Petrauskas,R (2265)/Vilnius 1995/EXT 2005/1/2 (35)}) ({RR} 10...
Rac8 11. cxd5 exd5 12. Nh4 Qe6 13. b4 g6 14. b5 c5 15. bxc6 Rxc6 16. Qa4 Rfc8
17. Rxc6 Bxc6 18. Qa3 a5 19. Rc1 Nb8 20. Ndf3 Be8 21. Ne5 Rxc1+ {
1/2 Morgunova,E (1698)-Spivak,V/Ivanovo 2011/CBM 140 Extra}) 11. a3 Qe7 12. b4
a5 13. Qb3 Ba6 14. Rfe1 axb4 15. axb4 Rcb8 16. cxd5 Bxe2 17. Rxe2 Nxd5 18. g3
Ra7 19. b5 N5f6 20. Nc4 Ne8 21. Nfe5 Nxe5 22. Nxe5 Qa3 23. Qxa3 Rxa3 24. Nc6
Rba8 25. Rb2 Ra1 26. Rbc2 Rxc1+ 27. Rxc1 g6 28. Nb4 Kf8 29. d5 Ke7 30. dxe6
fxe6 31. Na6 Kd7 32. e4 Ra7 33. e5 Kc8 34. Kg2 c5 35. f4 Rd7 36. Rc2 Kb7 37.
Kh3 Rd5 38. Kh4 h6 39. h3 Rd4 40. Rc3 Nc7 41. Nxc7 Kxc7 42. Ra3 Kb7 43. Kg4 Rb4
44. Rd3 Rxb5 45. Rd6 c4 46. Kf3 c3 47. Ke2 c2 48. Kd2 Rc5 49. Kc1 Rc6 50. Rd7+
Ka6 51. Rg7 b5 52. Rxg6 Ka5 53. f5 b4 54. Rxe6 Rc4 55. Re8 Ka4 56. f6 Kb3 57.
Rd8 Kc3 58. f7 Re4 59. Rc8+ Kb3 60. Rxc2 Re1+ 61. Kd2 Rf1 62. Rc7 Kb2 63. e6 b3
64. e7 Rxf7 65. e8=Q Rxc7 66. Qe5+ 1-0

[Event "190th open MGU"]
[Site "Sofia"]
[Date "2017.09.23"]
[Round "1.6"]
[White "Evtimova, Bilyana"]
[Black "Chowaniec, Artur"]
[Result "0-1"]
[WhiteElo "1203"]
[BlackElo "1660"]
[PlyCount "76"]
[EventDate "2017.09.23"]
[EventType "swiss"]
[EventRounds "6"]
[EventCountry "BUL"]

1. d4 d5 2. Nf3 Nf6 3. Bf4 Bf5 4. e3 e6 5. c3 c6 6. Bd3 Bxd3 7. Qxd3 Qb6 8. b3
({RR} 8. Qc2 c5 9. Qb3 Nbd7 10. Nbd2 cxd4 11. exd4 Be7 12. O-O O-O 13. Ne5 Rac8
14. Rfc1 a6 15. Qxb6 Nxb6 16. a4 Bd6 17. Nd3 Bxf4 18. Nxf4 Nc4 19. Nxc4 Rxc4
20. f3 Rfc8 21. a5 Rb8 22. b3 Rc6 {
Schwarz,D (1172)-Demar,S (1412)/Gerolhofen 2011/EXT 2015/1/2}) 8... Nbd7 9.
Nbd2 Be7 10. O-O Nh5 $146 ({RR} 10... O-O 11. Rac1 c5 12. Ne5 Rfd8 13. h3 Rac8
14. Rfd1 h6 15. Nxd7 Rxd7 16. Be5 a6 17. Qb1 Qd8 18. b4 c4 19. e4 a5 20. a3 Ra8
21. Bxf6 Bxf6 22. f4 axb4 23. axb4 b5 24. Nf3 Rda7 25. e5 {
Kovalev,E (2245)-Chigvintsev,A (2379)/Novosibirsk 2003/EXT 2008/0-1 (47)}) 11.
Rfe1 Nxf4 12. exf4 g6 13. Ne5 Rd8 14. Ndf3 O-O 15. f5 Nxe5 16. Nxe5 gxf5 17.
Qg3+ Kh8 18. Re3 f6 $2 {Äèàãðàììà #} 19. Nd3 (19. Ng6+ $142 $18) 19... Bd6 20.
Qh4 Rde8 21. Nf4 Bxf4 22. Qxf4 Qd8 23. Rg3 Rg8 24. Rd1 Rxg3 25. Qxg3 e5 26. f4
e4 27. Re1 Rg8 28. Qh3 Rg4 29. g3 Qg8 30. Kf2 Qd8 31. Qh5 Qd7 32. h3 Rg6 33.
Qe2 Qg7 34. Rg1 Qc7 35. g4 Qxf4+ 36. Ke1 fxg4 37. hxg4 Qc1+ 38. Kf2 Qxc3 0-1

[Event "190th open MGU"]
[Site "Sofia"]
[Date "2017.09.23"]
[Round "1.7"]
[White "Kostov, Nikolay"]
[Black "Doychev, Ivan"]
[Result "1-0"]
[WhiteElo "1648"]
[BlackElo "1188"]
[PlyCount "37"]
[EventDate "2017.09.23"]
[EventType "swiss"]
[EventRounds "6"]
[EventCountry "BUL"]

1. d4 Nf6 2. e3 d5 3. Bd3 c5 4. c3 Nc6 5. f4 Bg4 6. Nf3 e6 7. O-O cxd4 ({RR} 
7... Be7 8. Nbd2 O-O 9. h3 Bf5 10. Be2 h6 11. g4 Bh7 12. Ne5 Ne4 13. Nxe4 dxe4
14. Qa4 Qc7 15. Bd2 Nxe5 16. dxe5 a6 17. c4 Rad8 18. Rfd1 Rd3 19. Bxd3 exd3 20.
e4 Bxe4 21. Re1 Bc6 22. Qb3 {
Chigaev,M (2496)-Nepomniachtchi,I (2728)/Sochi 2015/CBM 166 Extra/0-1}) 8. cxd4
({RR} 8. exd4 Bd6 9. Qc2 h6 10. Ne5 Qc7 11. Nd2 O-O 12. Ndf3 Rac8 13. Bd2 Bxf3
14. Rxf3 Nxd4 15. cxd4 Qxc2 16. Bxc2 Rxc2 17. Bc1 Rfc8 18. Rf1 Ne4 19. b3 Re2
20. Nf3 Rcc2 21. Ne1 Rxa2 22. Rxa2 Rxa2 {
Naidoo,R (1168)-Kara,Z (1243)/Waterkloof 2015/CBM 166 Extra/0-1 (34)}) 8... Be7
$146 ({RR} 8... Rc8 9. Nc3 Bb4 10. Nb1 Ne4 11. a3 Ba5 12. b4 Bb6 13. Nbd2 Nf6
14. Qe1 Bxf3 15. Nxf3 O-O 16. Qh4 h6 17. Ne5 Nxd4 18. exd4 Bxd4+ 19. Kh1 Bxa1
20. Bd2 Bxe5 21. fxe5 Ne4 22. Qg4 Nxd2 23. Re1 {
Dimitrova,R-Nguyen,T/Vung Tau 2008/EXT 2009/0-1 (32)}) 9. a3 O-O 10. Qc2 Rc8
11. Bd2 Qb6 12. h3 Bxf3 13. Rxf3 Na5 14. b4 Nc4 15. Bxc4 Rxc4 16. Qd3 Rfc8 17.
f5 a5 18. bxa5 Qb2 19. fxe6 1-0

[Event "190th open MGU"]
[Site "Sofia"]
[Date "2017.09.23"]
[Round "1.8"]
[White "Velikov, Nikola"]
[Black "Georgiev, Nikolay Zh."]
[Result "1-0"]
[WhiteElo "1179"]
[BlackElo "1572"]
[PlyCount "45"]
[EventDate "2017.09.23"]
[EventType "swiss"]
[EventRounds "6"]
[EventCountry "BUL"]

1. Nf3 d5 2. g3 Nf6 3. Bg2 Bf5 4. O-O e6 5. d3 Bd6 6. Nbd2 O-O 7. h3 $146 ({RR
} 7. c4 c6 8. Re1 Bb4 9. a3 Bxd2 10. Nxd2 d4 11. b4 Nbd7 12. c5 Rc8 13. Nc4 b6
14. Nd6 Rc7 15. Bf4 bxc5 16. Nxf5 e5 17. Bd2 g6 18. Nd6 Qe7 19. Nc4 cxb4 20.
axb4 c5 21. Na5 {1-0 Fiadosenka,R-Nasirova,G/Sibenik 2007/CBM 120 Extra}) ({RR
} 7. Qe1 e5 8. e4 {
1/2 Shilin,D (2393)-Volovikov,A (2248)/Odessa 2008/CBM 126 Extra}) ({RR} 7. Re1
Bg6 8. e4 dxe4 9. Nxe4 Nxe4 10. dxe4 Nc6 11. a3 Bc5 12. Bf4 Bb6 13. Nh4 e5 14.
Nxg6 hxg6 15. Be3 Qe7 16. Bxb6 axb6 17. c3 Rfd8 18. Qc2 Rd6 19. Rad1 Rad8 20.
Bf3 Qf6 21. Be2 Qg5 {
Vo,T-Nguyen,L (1216)/Ho Chi Minh City 2016/CBM 171 Extra/1/2 (45)}) ({RR} 7.
Nh4 c6 8. Nxf5 exf5 9. Nf3 Nbd7 10. Nd4 g6 11. c4 Qb6 12. Nb3 Nc5 13. Be3 Ng4
14. Bxc5 Bxc5 15. d4 Be7 16. cxd5 cxd5 17. Bxd5 Rfd8 18. Bg2 a5 19. a4 Ne5 20.
Rb1 Rac8 21. e3 Bb4 {
Emmerton,S (126)-Gilbert,J (112)/Coventry 2015/EXT 2016/1-0 (70)}) 7... Nbd7 8.
Nh4 c6 9. c4 Bg6 10. b3 Be5 11. Rb1 Qb6 12. Kh1 Bh5 13. Bb2 Rfd8 14. Nhf3 Bxb2
15. Rxb2 Nc5 16. b4 Bg6 17. Qc2 Ncd7 18. c5 Qc7 19. Rfb1 a6 20. a4 e5 21. b5
axb5 22. axb5 Ra7 23. b6 1-0

[Event "190th open MGU"]
[Site "Sofia"]
[Date "2017.09.23"]
[Round "2.1"]
[White "Krustev, Krasimir S."]
[Black "Krastev, Krasimir N."]
[Result "1-0"]
[WhiteElo "1970"]
[BlackElo "1707"]
[PlyCount "55"]
[EventDate "2017.09.23"]
[EventType "swiss"]
[EventRounds "6"]
[EventCountry "BUL"]

1. e4 c5 2. d4 cxd4 3. c3 d3 4. Bxd3 e5 5. Nf3 Nc6 6. Bc4 Be7 7. Qd5 d6 8.
Qxf7+ Kd7 9. Qxg7 Nf6 10. Bg5 b5 $146 ({RR} 10... Rf8 11. Nbd2 Kc7 12. O-O-O
Bd7 13. Bxf6 Rxf6 14. Qxh7 Rc8 15. h4 Kb8 16. h5 Qc7 17. Bd5 Nb4 18. Qxe7 Nd3+
19. Kb1 Nxb2 20. Rc1 Rxf3 21. gxf3 Na4 22. Nc4 b5 23. Qxd6 bxc4 24. Qxc7+ Kxc7
25. h6 {Duarte Mermow,M (2405)-Domeyko Balmaceda,C (1904)/Santiago de Chile
2008/EXT 2012/1-0}) 11. Bxf6 bxc4 12. Qxh8 Bxf6 13. Qxd8+ Nxd8 14. Na3 Ba6 15.
Nc2 Ne6 16. Nb4 Bb7 17. Nd2 Rc8 18. Nd5 Bxd5 19. exd5 Nf4 20. Ne4 Nd3+ 21. Kd2
Be7 22. g3 Rf8 23. Ke2 a5 24. b3 a4 25. b4 Rb8 26. a3 Rb5 27. Nd2 Rxd5 28. Nxc4
1-0

[Event "190th open MGU"]
[Site "Sofia"]
[Date "2017.09.23"]
[Round "2.2"]
[White "Chowaniec, Artur"]
[Black "Metev, Martin"]
[Result "1-0"]
[WhiteElo "1660"]
[BlackElo "1965"]
[PlyCount "115"]
[EventDate "2017.09.23"]
[EventType "swiss"]
[EventRounds "6"]
[EventCountry "BUL"]

1. e4 e6 2. Nf3 d5 3. Nc3 c5 4. a3 ({RR} 4. d3 Nf6 5. e5 Nfd7 6. g3 Nc6 7. Bf4
Be7 8. h4 b5 9. Bg2 b4 10. Nb1 Bb7 11. O-O Qc7 12. Re1 a5 13. c4 dxc4 14. dxc4
Rd8 15. Nbd2 O-O 16. Qe2 Nd4 17. Nxd4 cxd4 18. Bxb7 Qxb7 {
Hurelbaatar,C (2310)-Feller,J (2270)/Novi Sad 1990/TD/1-0 (43)}) ({RR} 4. Ne5
Nf6 5. d3 dxe4 6. dxe4 Qxd1+ 7. Kxd1 Bd6 8. Bg5 Bxe5 9. Bxf6 Bxf6 {
0-1 Orozco,D-Quinonez,F (1795)/Cali 2016/CBM 171 Extra}) 4... dxe4 $146 ({RR} 
4... Nc6 5. Be2 ({RR} 5. d3 d4 6. Ne2 e5 7. h3 Bd6 8. Bg5 Be7 9. Qd2 h6 10.
Bxe7 Ngxe7 11. Ng3 O-O 12. Be2 Be6 13. O-O a5 14. b3 Qc7 15. Nh2 Ng6 16. Nh5
Nf4 17. Qd1 f5 18. Ng3 fxe4 19. Nxe4 Bd5 {
Menkovsky,L-Kruchenenko,S/Kiev 2004/CBM 101 Extra/0-1}) ({RR} 5. Bb5 Bd7 6. O-O
a6 7. Bxc6 Bxc6 8. Ne5 Qc7 9. Nxc6 Qxc6 10. Re1 d4 11. Nb1 Nf6 12. d3 h6 13.
Bf4 Be7 14. Nd2 Nd7 15. Nf3 O-O 16. c3 dxc3 17. bxc3 Rfd8 18. Qd2 Nf8 19. Ne5
Qe8 {Fox,G-Bloomfield,K/Indianapolis 2009/CBM 131 Extra/1-0}) 5... Nf6 6. e5
Ne4 7. d3 Nxc3 8. bxc3 Be7 9. O-O O-O 10. d4 Qa5 11. Bd2 f6 12. c4 Qc7 13. Bf4
fxe5 14. dxe5 Rxf4 15. Qd2 Rf8 16. Bd3 Nxe5 17. Nxe5 Qxe5 18. Rae1 Qf4 19. Qe2
{Veress,A (1047)-Macovei,D (1173)/Calimanesti 2013/CBM 153 Extra/0-1 (33)}) 5.
Nxe4 Nd7 6. d4 Ngf6 7. Nc3 Be7 8. g3 O-O 9. Bg2 Re8 10. O-O Nf8 11. dxc5 Qxd1
12. Rxd1 Bxc5 13. Nb5 Bb6 14. Ne5 Ng6 15. Nxg6 hxg6 16. Nd6 Re7 17. Bg5 Rd7 18.
h3 Rb8 19. c3 Bc5 20. Nxc8 Rxc8 21. Rxd7 Nxd7 22. Rd1 Ne5 23. Bxb7 Rb8 24. Rd8+
Rxd8 25. Bxd8 Nd3 26. b4 Bxf2+ 27. Kg2 Be3 28. c4 Kf8 29. Bc6 Bc1 30. Be4 Ne5
31. c5 Bxa3 32. c6 Nxc6 33. Bxc6 Bxb4 34. Kf3 f6 35. Bb5 Be7 36. Ba5 Bc5 37.
Ke4 Ke7 38. Bd3 Kd6 39. Kf3 f5 40. Kf4 Ke7 41. Bc3 Bd6+ 42. Kf3 e5 43. Bc2 Ke6
44. Bb3+ Ke7 45. g4 Bc7 46. Bb4+ Kf6 47. Bd2 e4+ 48. Ke2 f4 49. Bc2 e3 50. Bc3+
Kg5 51. Kf3 Kh4 52. Bxg6 Kxh3 53. Bxg7 e2 54. Bc3 Bd8 55. Bd3 Bf6 56. Bd2 Be5
57. Bxe2 Kh4 58. Bxf4 1-0

[Event "190th open MGU"]
[Site "Sofia"]
[Date "2017.09.23"]
[Round "2.3"]
[White "Kostov, Nikolay"]
[Black "Babatov, Martin"]
[Result "0-1"]
[WhiteElo "1648"]
[BlackElo "1737"]
[PlyCount "94"]
[EventDate "2017.09.23"]
[EventType "swiss"]
[EventRounds "6"]
[EventCountry "BUL"]

1. d4 c6 2. e4 d5 3. e5 Bf5 4. Bd3 Bxd3 5. Qxd3 e6 6. Nh3 ({RR} 6. Nd2 Qb6 7.
Ne2 Qa6 8. Nf4 Ne7 9. O-O Nf5 10. Nf3 h5 11. h4 Be7 12. g3 Qxd3 13. Nxd3 Na6
14. Bd2 c5 15. c3 Rc8 16. Rfc1 g6 17. Rab1 Kd7 18. Kf1 c4 19. Nde1 b5 20. Nc2
Nb8 {Farkas,T (2370)-Eperjesi,L (2355)/Budapest 1993/EXT 1997/1/2 (44)}) 6...
Ne7 ({RR} 6... c5 7. c3 Nc6 8. Be3 Qb6 9. Qc2 cxd4 10. cxd4 Bb4+ 11. Nc3 Nge7
12. a3 Bxc3+ 13. bxc3 Nf5 14. O-O Rc8 15. Qd3 O-O 16. g4 Nxe3 17. fxe3 Qd8 18.
Rf3 Ne7 19. Raf1 Ng6 20. Nf4 Qa5 21. Ne2 {
Katona,G (1734)-Domonkos,T (1924)/Hungary 2015/EXT 2016/0-1}) 7. O-O Nf5 8. g4
$146 ({RR} 8. Nd2 Qc7 9. Nf3 c5 10. c3 Nc6 11. a3 a5 12. Nf4 Be7 13. Nh5 O-O
14. g4 c4 15. Qc2 Nh4 16. Ng5 Bxg5 17. f4 Bd8 18. f5 exf5 19. gxf5 Qd7 20. Kh1
Kh8 21. Qf2 Qxf5 22. Qxf5 Nxf5 {
Khrustaleva,T-Nurieva,A (1859)/Ufa 2008/EXT 2010/1-0 (44)}) 8... Nh4 9. Nd2 Be7
10. Nf3 Nxf3+ 11. Qxf3 Nd7 12. c3 h6 13. Bd2 Qb6 14. b4 a5 15. bxa5 Qxa5 16.
Qe3 h5 17. g5 g6 18. c4 Qa3 19. cxd5 Qxe3 20. Bxe3 cxd5 21. a4 Bd8 22. Rfb1 Ra7
23. Kg2 Nb6 24. Rb4 Nc4 25. Kf3 Kd7 26. Ke2 Be7 27. Rb3 b6 28. f4 Rha8 29. Nf2
Rxa4 30. Rxa4 Rxa4 31. h4 Nxe3 32. Kxe3 Ra3 33. Rxa3 Bxa3 34. Nd3 Kc6 35. Kd2
Kb5 36. Kc3 Ka4 37. Kc2 b5 38. f5 exf5 39. Nf4 b4 40. Nxd5 b3+ 41. Kb1 Kb5 42.
Nf4 Kc4 43. d5 Kd4 44. e6 Ke4 45. Nxh5 gxh5 46. exf7 Kxd5 47. g6 Bf8 0-1

[Event "190th open MGU"]
[Site "Sofia"]
[Date "2017.09.23"]
[Round "2.4"]
[White "Andreev, Dobrotich"]
[Black "Velikov, Nikola"]
[Result "1-0"]
[WhiteElo "1881"]
[BlackElo "1179"]
[PlyCount "27"]
[EventDate "2017.09.23"]
[EventType "swiss"]
[EventRounds "6"]
[EventCountry "BUL"]

1. e4 c5 2. Nf3 e6 3. d4 cxd4 4. Nxd4 a6 5. Nc3 d6 6. Be3 Nf6 7. Qd2 Be7 8. f3
O-O 9. g4 g6 $146 ({RR} 9... b5 10. a3 ({RR} 10. O-O-O Nfd7 11. g5 Nb6 ({RR} 
11... Bb7) 12. Bd3 Qc7 13. Kb1 Nc4 14. Bxc4 Qxc4 15. h4 Nd7 16. g6 Bf6 ({RR} 
16... fxg6 17. b3) ({RR} 16... hxg6 17. h5) 17. h5 Bb7 18. Qh2 fxg6 19. hxg6
hxg6 20. Qxd6 Ne5 21. Nxe6 Rfc8 22. Nc5 Rd8 23. Qc7 b4 24. f4 ({RR} 24. N3a4
Rxd1+ 25. Rxd1 Qe2) 24... Ng4 {
Grosar,A (2475)-Atlas,V (2450)/Ptuj 1995/CBM 047/[Ernst]/1-0 (43)}) ({RR} 10.
h4 Bb7 11. Bd3 Nbd7 12. h5 Ne5 13. g5 Nxd3+ 14. cxd3 Nd7 15. g6 Bh4+ 16. Kd1
Qf6 17. gxh7+ Kxh7 18. Qg2 Qe7 19. Qg4 Bf6 20. h6 g6 21. Kd2 Rac8 22. Nce2 d5
23. a3 b4 24. Ng3 bxa3 {
Poppe,H (1698)-Herrmann,S (1782)/Rieneck 1993/EXT 2015/1/2 (35)}) 10... Bb7 11.
h4 ({RR} 11. g5 Nfd7 12. h4 Ne5 13. O-O-O d5 14. exd5 Bxd5 15. Nxd5 Qxd5 16.
Rh3 Nbc6 17. f4 Nxd4 18. Bxd4 Nf3 19. Qg2 Nxd4 20. Qxd5 exd5 21. Rxd4 Bd6 22.
Bg2 Rac8 23. Bxd5 Rfd8 24. Rhd3 Rc7 25. f5 Rdc8 {
Nadzamova,V (1694)-Trgovac,M (1277)/Prague 2016/CBM 174 Extra/1-0 (49)}) 11...
Nc6 12. Nxc6 Bxc6 13. h5 d5 14. g5 Nd7 15. Qg2 dxe4 16. Nxe4 Bxe4 17. fxe4 Rc8
18. c3 Ne5 19. Bd4 Qc7 20. Bxe5 Qxe5 21. g6 fxg6 22. hxg6 h6 23. Bd3 Bg5 24.
Qh2 {Alvarez de la Torre,C (1800)-Orton,R (2090)/Haifa 1976/EXT 2000/0-1 (32)})
({RR} 9... Nc6) ({RR} 9... Nbd7 10. g5 Ne8 11. O-O-O Ne5 12. Be2 b5 13. f4 Nc4
14. Bxc4 bxc4 15. f5 Rb8 16. Nc6 Qc7 17. Nxb8 Qxb8 18. f6 gxf6 19. gxf6 Bxf6
20. Rhg1+ Kh8 21. Bh6 Bg7 22. Bxg7+ Nxg7 23. Rxg7 Kxg7 24. Qg5+ {
Andreev,D (2067)-Dyulgerov,V (1644)/Sofia 2011/CBM 144 Extra/1-0}) 10. g5 Nh5
11. O-O-O Nd7 12. Kb1 b5 13. Nc6 Bb7 14. Nxd8 1-0

[Event "190th open MGU"]
[Site "Sofia"]
[Date "2017.09.23"]
[Round "2.5"]
[White "Tsolov, Goran"]
[Black "Ivanov, Oleg M."]
[Result "1/2-1/2"]
[WhiteElo "1910"]
[BlackElo "1548"]
[PlyCount "137"]
[EventDate "2017.09.23"]
[EventType "swiss"]
[EventRounds "6"]
[EventCountry "BUL"]

1. e4 c5 2. Nf3 Nc6 3. d4 cxd4 4. Nxd4 g6 5. Nxc6 bxc6 6. Bd2 Bg7 7. Bc3 Nf6 8.
Bd3 ({RR} 8. Nd2 O-O 9. Bc4 d5 10. exd5 cxd5 11. Bb3 a5 12. a3 d4 13. Bxa5 Qxa5
14. O-O e5 15. f3 Ba6 16. Re1 Nd5 17. Nc4 Bxc4 18. Bxc4 Ne3 19. Qd3 Nxc4 20.
Qxc4 Rfc8 21. Qd3 Rab8 22. b4 Qa4 {
Moric,I (1469)-Bulic Braculj,L (1804)/Trogir 2016/EXT 2017/0-1}) 8... d5 $146 (
{RR} 8... O-O 9. O-O Qc7 ({RR} 9... d5 10. Nd2 ({RR} 10. exd5 cxd5 11. Bd4 Qd6
12. Re1 Ng4 13. Bxg7 Qxh2+ 14. Kf1 Kxg7 15. Be4 dxe4 16. Qd4+ e5 17. Qxe4 f5
18. Qc6 Rf7 19. c4 Bb7 20. Qc5 Qxg2+ 21. Ke2 Rd8 22. Nd2 Rd4 23. Rf1 Rfd7 24.
Rad1 Rxd2+ {Saenger,K (1548)-Rex,D (1795)/Wesel Undeloh 2005/EXT 2007/0-1 (35)}
) 10... Qc7 11. Qe1 Be6 12. f4 dxe4 13. Nxe4 Nxe4 14. Bxe4 Bxc3 15. Qxc3 Bd5
16. Bd3 Qb6+ 17. Rf2 e6 18. Qe5 Rad8 19. b3 c5 20. Re1 a5 21. Re3 c4 22. Bf1
cxb3 23. axb3 a4 24. bxa4 {Carpintero,J (2270)-Visier Segovia,F (2280)/Oropesa
del Mar 1996/EXT 1998/1-0 (43)}) 10. Qe2 e6 11. Nd2 c5 12. Qf3 Ne8 13. Bxg7
Kxg7 14. e5 Rb8 15. Nc4 f6 16. Qg3 fxe5 17. Nxe5 d6 18. Nxg6 hxg6 19. Qxg6+ Kh8
20. Rae1 Qg7 21. Qh5+ Kg8 22. Re3 Nf6 23. Qh4 {
Kecic,S (2235)-Krumpacnik,D (2380)/Bled 1998/EXT 2000/0-1 (38)}) 9. exd5 O-O
10. dxc6 Qd5 11. Qf3 Qxf3 12. gxf3 a5 13. Nd2 Be6 14. Ne4 Bd5 15. Nxf6+ exf6
16. Be4 Rfe8 {Äèàãðàììà #} 17. Kf1 (17. O-O-O $16) 17... Bxe4 18. fxe4 Rxe4 19.
Rd1 Rc4 20. Rd6 Bf8 21. Rd5 a4 22. Bxf6 Rxc6 23. Bc3 a3 24. Rb5 axb2 25. Bxb2
Rxc2 26. Bd4 Bg7 27. Be3 Rcxa2 28. Kg2 R2a5 29. Rb7 Ra1 30. Rxa1 Bxa1 31. Bh6
Bd4 32. Rd7 Bg7 33. Be3 f5 34. Rb7 Rf8 35. Bc5 Rf7 36. Rb8+ Bf8 37. Kg3 Kg7 38.
Bd4+ Kh6 39. Kh3 Kh5 40. Be3 g5 41. f4 g4+ 42. Kg3 Bg7 43. Rb5 Bc3 44. Bf2 Kg6
45. Rb6+ Bf6 46. Bd4 h5 47. h3 h4+ 48. Kg2 Kg7 49. Bg1 Rd7 50. hxg4 fxg4 51.
Be3 Bd4 52. Rb3 Bxe3 53. Rxe3 Kf6 54. Re5 Rd2+ 55. Kg1 h3 56. Rg5 Rg2+ 57. Kh1
Ke6 58. Rh5 Rf2 59. f5+ Rxf5 60. Rh4 Rg5 61. Rh6+ Ke5 62. Rb6 Kf4 63. Rb4+ Kg3
64. Rb3+ Kh4 65. Rb4 Rc5 66. Kh2 Rc2+ 67. Kh1 h2 {Äèàãðàììà #} 68. Rxg4+ Kh3
69. Rg3+ 1/2-1/2